000 00523nam a2200193 a 4500
001 1767515829357
003 YourLibrary
005 20260105104400.0
008 260104s1999##################000#0#eng##
020 _a9780874779707
082 0 4 _a299.78415209
_bPRE
100 1 _aPrechtel, Martín,
_eauthor.
245 1 0 _aSecrets of the Talking Jaguar :
260 _bTarcherPerigee,
_c1999.
300 _a308 pages
650 0 _aBiography & Autobiography.
942 _cENGLISH
040 _aYourLibrary
_beng
_cYourLibrary
999 _c607229
_d607229